1186 1794 1161 1282 1158 1874 1236 1306 1811 1528 1618 1716 1368 1479 1305 1877 1435 1469 1787 1412 1099 1770 1715 1173 1507 1951 1622 1714 1151 1037 1566 1948 1585 1598 1168 1316 1296 1603 1162 1536 1477 1794 1153 1089 1701 1761 1042 1268 1125 1999 1877 1561 1401 1182 1940 1233 1204 1516 1535 1662 1733 1503 1131 1403 1637 1549 1717 1686 1273 1682 1586 1629 1942 1148 1750 1712 1233 1259 1986 1621 1064 1136 1280 1899 1690 1767 1495 1065 1540 1913 1023 1774 1840 1621 1695 1448 1412 1539 1405 BCNSPRNW ULIB Ver.6.0+V

เปลี่ยนเป็นภาษาไทย

Change to English
 แสดงรายละเอียดบรรณานุกรม
  กลับหน้าหลัก

Brief Record : Get Marc (ISO 2709) : E-mail record : QR code < ปิดหน้าต่าง
LEADER : 00000nam 2200000uu 4500
001    13399120121
003     ULIB
008    120904s2550||||th 000 0 tha d
020    ^a9749770315
020    ^a9789749770313
060 04 ^aWB537^bว634ค 2550
100 0  ^aวิบูลย์ นุชประมูล
245 10 ^aคัมภีร์หัตถเวชพรรณนา โรค หัวไหล่ แขน และมือ /^cโดย วิบูลย์นุชประมูล, วิไลรัตน์ นุชประมูล
250    ^aพิมพ์ครั้งที่ 2
260    ^aนนทบุรี :^bโครงการสวัสดิการวิชาการ สถาบันพระบรมราชชนกกระทรวงสาธารณสุข,^c2550
300    ^a335 หน้า :^bภาพประกอบ ;^c21 ซม.
650  7 ^aการนวด
650  7 ^aการบำบัดด้วยการนวด
650  7 ^aกระดูก, โรค^xการฟื้นฟูสมรรถภาพ
650  7 ^aข้อ, โรค^xการฟื้นฟูสมรรถภาพ
700 0  ^aวิไลรัตน์ นุชประมูล
710 2  ^aสถาบันพระบรมราชชนก. ^bโครงการสวัสดิการวิชาการ
945    ^p300^l0^i19411
945    ^p300^l0^i19412
945    ^p300^l0^i14297
999 ^a กัณชพร
รายการนี้ยังไม่มีแท็ก
คุณยังไม่ได้ล็อกอิน คุณสามารถมีกิจกรรมร่วมกับเว็บไซต์ได้ แต่ต้องล็อกอินก่อน ::
  ล็อกอิน

รายการสื่อสารสนเทศ

ลำดับที่ ประเภท เลขเรียก/บาร์โค้ด สถานที่ สถานะ
1. วิทยาศาสตร์การแพทย์ และสุขภาพ
วิทยาศาสตร์การแพทย์ และสุขภาพ
WB537 ว634ค 2550 ฉ.3 
  Barcode: 14297
ห้องสมุดวิทยาเขตสวรรค์ประชารักษ์
►ส่วนจัดเก็บหนังสือเก่า สปร
บนชั้น
  ขอยืม

รายการใกล้เคียง
    ผู้แต่ง [วิบูลย์ นุชประมูล]

    หัวเรื่อง [การนวด]
    หัวเรื่อง [การบำบัดด้วยการนวด]

BibComment


ยังไม่เคยถูกคอมเมนท์

คอมเมนท์ทรัพยากรรายการนี้
  คอมเมนท์: คัมภีร์หัตถเวชพร..


 Copyright 2026. Bcnsprnw @Library